| 000 | 00975nas a2200337 4500 | ||
|---|---|---|---|
| 001 | BR2012009055 | ||
| 003 | BR-BrBNA | ||
| 005 | 20231205121602.0 | ||
| 007 | ta | ||
| 008 | 230509b bl.|||p| |||| 00| 00por d | ||
| 040 |
_aBR-BrBNA _bpor _cBiblioteca Nacional de Agricultura |
||
| 041 | _a(Pt) | ||
| 072 | _aL70 | ||
| 100 | 1 | _aNéspoli, P.B. | |
| 100 | 1 | _aGheller, V.A. | |
| 100 | 1 | _aPeixoto, P.V. | |
| 100 | 1 | _aFrança, T.N. | |
| 100 | 1 | _aCarvalho, A.U. | |
| 100 | 1 | _aAraújo, D.K.G. de | |
| 100 | 1 | _aMalm, C. | |
| 245 | 1 | _aAvaliação de técnicas de biópsia hepática em ovinos | |
| 246 | 1 | _aEvaluation of hepatic biopsy techniques in sheep | |
| 650 | _aVETERINÁRIA | ||
| 650 | _aBIÓPSIA | ||
| 650 | _aOVINO | ||
| 650 | _aFÍGADO | ||
| 650 | _aULTRA-SOM | ||
| 773 | 0 |
_tPesquisa Veterinária Brasileira (Brazil) _xISSN 0100-736X _g(Jan 2010), v. 30(1) p. 29-36 _wBR2012009055 |
|
| 909 |
_a202311 _bLúcia _c55 _dLúcia Elande |
||
| 942 |
_2AGRIS _n0 _cANA |
||
| 999 |
_c224252 _d224252 |
||